All R6 Operators Quiz - Statistics

General Stats
  • This quiz has been taken 602 times
  • The average score is 58 of 71
Answer Stats
Picture Answer % Correct
Ash
98%
Doc
98%
Castle
97%
Mute
96%
Rook
96%
Thermite
96%
Twitch
96%
Blackbeard
95%
Frost
95%
Pulse
95%
Buck
94%
IQ
94%
Sledge
94%
Smoke
94%
Kapkan
93%
Glaz
92%
Jackal
92%
Jäger
92%
Bandit
91%
Blitz
91%
Fuze
91%
Mira
91%
Lion
90%
Recruit
90%
Ying
90%
Echo
89%
Ela
89%
Valkyrie
89%
Thatcher
88%
Lesion
86%
Vigil
86%
Tachanka
85%
Hibana
84%
Warden
84%
Ace
81%
Clash
81%
Finka
81%
Maverick
81%
Montagne
81%
Mozzie
81%
Zofia
81%
Gridlock
80%
Kaid
80%
Capitão
79%
Nøkk
78%
Nomad
78%
Iana
76%
Kali
76%
Goyo
75%
Maestro
75%
Oryx
75%
Alibi
74%
Thorn
74%
Wamai
74%
Zero
74%
Amaru
72%
Caveira
71%
Flores
70%
Melusi
70%
Osa
69%
Thunderbird
69%
Aruni
68%
Azami
68%
Dokkaebi
67%
Ram
67%
Solis
66%
Fenrir
65%
Sens
65%
Brava
64%
Grim
64%
Tubarão
53%
No matching quizzes found
Score Distribution
Percent of People with Each Score
Percentile by Number Answered
Your Score History
You have not taken this quiz